[Event "First Saturday IM Dec 2013"]
[Site "Budapest"]
[Date "2013.12.07"]
[Round "1.1"]
[White "Li, Bo"]
[Black "Lyell, Mark"]
[Result "1-0"]
[WhiteElo "2373"]
[BlackElo "2247"]
[PlyCount "77"]
[EventDate "2013.12.07"]

1. d4 f5 2. Nc3 Nf6 3. Bg5 d5 4. e3 e6 5. Nf3 Be7 6. Bd3 c5 7. O-O O-O 8. a3
Nc6 9. Bb5 Bd7 10. Na4 Nxd4 11. Nxd4 cxd4 12. Bxd7 Qxd7 13. Qxd4 Rfc8 14. Nc3
Rc4 15. Qd3 Rac8 16. f3 Qc6 17. Kh1 Qb6 18. Rab1 Qd8 19. Ne2 Nd7 20. Bf4 Bf6
21. c3 Qb6 22. Qd2 a5 23. Bg3 a4 24. Nf4 Nc5 25. Qe2 Bg5 26. Rbd1 Rc6 27. Nh3
Bh6 28. Be5 Qb3 29. Bd4 Rc8 30. Nf2 Re8 31. e4 dxe4 32. fxe4 Nxe4 33. Nxe4 fxe4
34. Qxe4 Rcc8 35. Qe2 Rcd8 36. Be5 Rd5 37. Qh5 Re7 38. Qf3 g6 39. Qf6 1-0

[Event "First Saturday IM Dec 2013"]
[Site "Budapest"]
[Date "2013.12.07"]
[Round "1.2"]
[White "Farkas, Richard"]
[Black "Nguyen, Thi Mai Hung"]
[Result "1/2-1/2"]
[WhiteElo "2189"]
[BlackElo "2231"]
[PlyCount "63"]
[EventDate "2013.12.07"]

1. e4 c5 2. Nf3 g6 3. c4 Nc6 4. d4 cxd4 5. Nxd4 Nf6 6. Nc3 d6 7. Be2 Nxd4 8.
Qxd4 Bg7 9. Be3 O-O 10. Qd2 Be6 11. f3 Qa5 12. O-O Rfc8 13. b3 a6 14. Rac1 b5
15. Nd5 Qxd2 16. Bxd2 Nxd5 17. cxd5 Bd4+ 18. Kh1 Bd7 19. Rxc8+ Rxc8 20. Rc1
Rxc1+ 21. Bxc1 f5 22. g4 Kf7 23. Bf4 Bc5 24. Kg2 e6 25. h3 exd5 26. exd5 Bc8
27. a4 Bb7 28. axb5 axb5 29. Bxb5 Bxd5 30. Bc4 Bxc4 31. bxc4 Ke6 32. Kf1
1/2-1/2

[Event "First Saturday IM Dec 2013"]
[Site "Budapest"]
[Date "2013.12.07"]
[Round "1.4"]
[White "Golubov, Saveliy"]
[Black "To, Nhat Minh"]
[Result "0-1"]
[WhiteElo "2305"]
[BlackElo "2350"]
[PlyCount "48"]
[EventDate "2013.12.07"]

1. e4 Nf6 2. e5 Nd5 3. d4 d6 4. c4 Nb6 5. f4 dxe5 6. fxe5 c5 7. d5 g6 8. Nc3
Bg7 9. Bf4 O-O 10. Nf3 Bg4 11. Qe2 e6 12. O-O-O exd5 13. Nxd5 Nxd5 14. cxd5 Qa5
15. a3 c4 16. h3 Bf5 17. g4 Bd3 18. Rxd3 cxd3 19. Qe4 Nd7 20. Kb1 Rfe8 21. Bxd3
Nf6 22. Qd4 Qxd5 23. exf6 Qxf3 24. Rf1 Bxf6 0-1

[Event "First Saturday IM Dec 2013"]
[Site "Budapest"]
[Date "2013.12.07"]
[Round "1.5"]
[White "Szeberenyi, Adam"]
[Black "Brustkern, Juergen"]
[Result "1-0"]
[WhiteElo "2317"]
[BlackElo "2257"]
[PlyCount "79"]
[EventDate "2013.12.07"]

1. d4 d5 2. c4 e5 3. dxe5 d4 4. Nf3 Nc6 5. Nbd2 f6 6. exf6 Nxf6 7. g3 Bg4 8.
Bg2 Qd7 9. Qb3 Rb8 10. O-O Be7 11. Qa4 O-O 12. Nb3 a6 13. c5 Rbd8 14. Rd1 Kh8
15. Be3 dxe3 16. Rxd7 exf2+ 17. Kxf2 Bxd7 18. Kg1 Be6 19. h3 Bd5 20. Ng5 h6 21.
Bxd5 Rxd5 22. Ne6 Rc8 23. Nf4 Rg5 24. Kg2 Nd7 25. Qe4 Nf8 26. Rd1 Bf6 27. Rd5
Rxd5 28. Nxd5 Bxb2 29. Nb4 Nd8 30. Qe8 Kg8 31. Nd5 Bf6 32. Nxf6+ gxf6 33. Nd4
Rb8 34. Nf5 Nc6 35. Qh5 Rd8 36. Nxh6+ Kg7 37. Nf5+ Kg8 38. Qg4+ Kf7 39. h4 Ne5
40. Qg7+ 1-0

[Event "First Saturday IM Dec 2013"]
[Site "Budapest"]
[Date "2013.12.08"]
[Round "2.1"]
[White "Lyell, Mark"]
[Black "Brustkern, Juergen"]
[Result "1/2-1/2"]
[WhiteElo "2247"]
[BlackElo "2257"]
[PlyCount "28"]
[EventDate "2013.12.07"]

1. e4 c5 2. Nf3 e6 3. c3 d5 4. e5 d4 5. g3 Nc6 6. Bg2 Nge7 7. O-O Nf5 8. d3 h5
9. h4 Qd7 10. Bf4 b6 11. cxd4 cxd4 12. Nbd2 Bb7 13. Ne4 Be7 14. a3 Bd8 1/2-1/2

[Event "First Saturday IM Dec 2013"]
[Site "Budapest"]
[Date "2013.12.08"]
[Round "2.3"]
[White "Petran, Pal"]
[Black "Golubov, Saveliy"]
[Result "0-1"]
[WhiteElo "2335"]
[BlackElo "2305"]
[PlyCount "61"]
[EventDate "2013.12.07"]

1. d4 Nf6 2. c4 e6 3. Nf3 d5 4. Nc3 Be7 5. Bg5 O-O 6. e3 h6 7. Bh4 b6 8. Bd3
Bb7 9. O-O Nbd7 10. Rc1 c5 11. Qe2 Ne4 12. Bg3 cxd4 13. exd4 Nxg3 14. hxg3 dxc4
15. Bxc4 Nf6 16. Rfd1 a6 17. Bd3 b5 18. Ne4 Qa5 19. a3 Rfd8 20. Ne5 Rac8 21.
Nc5 Bd5 22. Bb1 Ne8 23. Qd3 f5 24. b4 Qb6 25. g4 Nd6 26. Qh3 Bg5 27. Rc3 Ne4
28. Bxe4 fxe4 29. Qh5 Qa7 30. Qg6 Qe7 31. Rc2 {time} 0-1

[Event "First Saturday IM Dec 2013"]
[Site "Budapest"]
[Date "2013.12.08"]
[Round "2.4"]
[White "Nguyen, Thi Mai Hung"]
[Black "Fang, Yuxiang"]
[Result "1/2-1/2"]
[WhiteElo "2231"]
[BlackElo "2189"]
[PlyCount "86"]
[EventDate "2013.12.07"]

1. d4 d5 2. Bf4 c5 3. e3 Nc6 4. c3 Nf6 5. Nd2 Bf5 6. Qb3 Qc8 7. dxc5 e6 8. Ngf3
Bxc5 9. Nd4 e5 10. Nxf5 exf4 11. Nxg7+ Kf8 12. Nh5 fxe3 13. fxe3 Nxh5 14. Qxd5
Bxe3 15. Qxh5 Qe6 16. Nc4 Bg5+ 17. Be2 Re8 18. O-O Qg6 19. Rad1 Ne5 20. Rd5
Nxc4 21. Rxg5 Qxh5 22. Bxh5 Re7 23. b3 Ne5 24. Rd1 Ng6 25. Rd8+ Kg7 26. Rxh8
Kxh8 27. Kf2 Nf4 28. Bf3 b6 29. Rg4 Nd3+ 30. Kg3 Rc7 31. Ra4 a5 32. Rd4 Rxc3
33. Rd6 Nc1 34. Rxb6 Nxa2 35. Kf4 Nb4 36. Rb5 Rxb3 37. Rxa5 Rc3 38. Rg5 Nd3+
39. Ke4 h6 40. Rg3 Ne1 41. Ke5 Nxf3+ 42. Rxf3 Rc2 43. Rg3 Rf2 1/2-1/2

[Event "First Saturday IM Dec 2013"]
[Site "Budapest"]
[Date "2013.12.08"]
[Round "2.5"]
[White "Li, Bo"]
[Black "Farkas, Richard"]
[Result "1-0"]
[WhiteElo "2373"]
[BlackElo "2189"]
[PlyCount "127"]
[EventDate "2013.12.07"]

1. d4 Nf6 2. c4 g6 3. g3 Bg7 4. Bg2 c5 5. Nf3 O-O 6. O-O cxd4 7. Nxd4 Nc6 8.
Nc3 Qb6 9. Nc2 d6 10. Ne3 Be6 11. b3 Ng4 12. Ned5 Qa5 13. Bd2 Rac8 14. Nb5 Qd8
15. Bc3 Bxd5 16. Bxd5 Nf6 17. Bg2 Qb6 18. Bb2 a6 19. Nd4 Rfd8 20. Nxc6 bxc6 21.
Qc2 d5 22. e3 e6 23. Rac1 Qb7 24. Rfd1 Qb8 25. Qe2 Qb6 26. Bd4 Qb7 27. Bf1 a5
28. cxd5 cxd5 29. Qa6 Qxa6 30. Bxa6 Rxc1 31. Rxc1 Ne4 32. Bxg7 Kxg7 33. Bd3 Rd7
34. Bxe4 dxe4 35. Rc5 a4 36. bxa4 Rd2 37. Re5 f5 38. Rxe6 Rxa2 39. Ra6 h5 40.
h3 Kh6 41. Kg2 Kg5 42. a5 Kh6 43. Ra8 Kg5 44. a6 Kh6 45. Kf1 Ra1+ 46. Ke2 Ra2+
47. Ke1 Kh7 48. a7 Kg7 49. Kf1 Ra1+ 50. Kg2 g5 51. f4 gxf4 52. gxf4 h4 53. Kf2
Ra2+ 54. Ke1 Ra1+ 55. Kd2 Ra3 56. Kc2 Ra2+ 57. Kb3 Ra1 58. Kb4 Ra2 59. Kc5 Ra5+
60. Kd6 Kh7 61. Rc8 Ra6+ 62. Rc6 Ra5 63. Rc7+ Kg6 64. Kc6 1-0

[Event "First Saturday IM Dec 2013"]
[Site "Budapest"]
[Date "2013.12.09"]
[Round "3.1"]
[White "Farkas, Richard"]
[Black "Lyell, Mark"]
[Result "1/2-1/2"]
[WhiteElo "2189"]
[BlackElo "2247"]
[PlyCount "130"]
[EventDate "2013.12.07"]

1. e4 c6 2. Ne2 d5 3. e5 d4 4. b4 f6 5. f4 fxe5 6. fxe5 Qd5 7. Bb2 c5 8. bxc5
Nc6 9. Ng3 Qxe5+ 10. Be2 Bg4 11. O-O Bxe2 12. Qxe2 Qxe2 13. Nxe2 e5 14. Ba3 Nf6
15. Ng3 O-O-O 16. d3 Rd5 17. Ne4 Nxe4 18. dxe4 Rd7 19. Nd2 b5 20. Rab1 Rb7 21.
Nb3 b4 22. Bc1 a5 23. a4 Be7 24. Rf3 Rd7 25. Kf1 Rhd8 26. Ke2 d3+ 27. cxd3 Nd4+
28. Nxd4 exd4 29. Rf5 Rf8 30. Rxf8+ Bxf8 31. c6 Rc7 32. Bb2 Rxc6 33. Bxd4 Rc2+
34. Kf3 Rd2 35. Ke3 Rxg2 36. Bb6 Ra2 37. e5 Kd7 38. Bxa5 Rxa4 39. Bb6 Kc6 40.
Bd4 Kd5 41. Ra1 Rxa1 42. Bxa1 g5 43. Bb2 h5 44. h3 b3 45. d4 Bb4 46. Kf3 Bd2
47. Ke2 Ba5 48. Ke3 Bb6 49. Ba1 Ba7 50. Bb2 h4 51. Ba1 g4 52. hxg4 h3 53. Kf3
Bxd4 54. e6 Bc5 55. Kg3 Kxe6 56. Kxh3 Kd5 57. Bb2 Bd4 58. Ba3 Kc4 59. g5 Kd3
60. g6 Kc2 61. Kg4 Kb1 62. Bf8 Ka2 63. g7 Bxg7 64. Bxg7 b2 65. Bxb2 Kxb2
1/2-1/2

[Event "First Saturday IM Dec 2013"]
[Site "Budapest"]
[Date "2013.12.09"]
[Round "3.2"]
[White "Fang, Yuxiang"]
[Black "Li, Bo"]
[Result "1/2-1/2"]
[WhiteElo "2189"]
[BlackElo "2373"]
[PlyCount "54"]
[EventDate "2013.12.07"]

1. Nf3 Nf6 2. c4 g6 3. Nc3 Bg7 4. d4 d5 5. Bf4 O-O 6. Rc1 c6 7. e3 Qb6 8. Qb3
Qxb3 9. axb3 Bg4 10. Ne5 Be6 11. Be2 Rd8 12. O-O Nbd7 13. Rfd1 dxc4 14. bxc4
Nh5 15. Bxh5 Nxe5 16. Bxe5 Bxe5 17. Be2 Bg7 18. b3 b6 19. h3 Rac8 20. Bf3 Bf5
21. Bg4 Bxg4 22. hxg4 e6 23. Ne4 f5 24. Ng5 Re8 25. gxf5 exf5 26. c5 Bf6 27.
Nf3 Re7 1/2-1/2

[Event "First Saturday IM Dec 2013"]
[Site "Budapest"]
[Date "2013.12.09"]
[Round "3.3"]
[White "Golubov, Saveliy"]
[Black "Nguyen, Thi Mai Hung"]
[Result "0-1"]
[WhiteElo "2305"]
[BlackElo "2231"]
[PlyCount "108"]
[EventDate "2013.12.07"]

1. e4 e6 2. d4 d5 3. Nc3 Nf6 4. Bg5 dxe4 5. Nxe4 Nbd7 6. Nf3 h6 7. Nxf6+ Nxf6
8. Be3 Nd5 9. Bd3 Nxe3 10. fxe3 Bd6 11. Qe2 Qe7 12. e4 e5 13. d5 Bd7 14. a3 O-O
15. O-O Rae8 16. Nd2 c6 17. dxc6 Bxc6 18. b4 Kh8 19. Bc4 Rc8 20. Bb3 a5 21. c3
Bd7 22. Rac1 Bb8 23. Bd5 Be6 24. Qd3 Rfd8 25. Rfd1 f5 26. Qb5 axb4 27. axb4
Bxd5 28. exd5 e4 29. Nf1 f4 30. Qe2 Qe5 31. c4 b5 32. c5 Rxd5 33. Rxd5 Qxd5 34.
Qxb5 Qd4+ 35. Kh1 f3 36. gxf3 exf3 37. Qc4 Qf6 38. Qg4 Re8 39. Rd1 Kh7 40. Qd7
Rg8 41. Qg4 Qc6 42. Qd7 Qf6 43. Qg4 Qe5 44. Qd4 Qg5 45. Qd2 Qh5 46. Qf2 Re8 47.
Qc2+ Kh8 48. Rd2 Bc7 49. Qd1 Re2 50. c6 Qe8 51. b5 Qe4 52. Rd8+ Bxd8 53. Qxd8+
Kh7 54. h3 Qg6 0-1

[Event "First Saturday IM Dec 2013"]
[Site "Budapest"]
[Date "2013.12.09"]
[Round "3.5"]
[White "Brustkern, Juergen"]
[Black "To, Nhat Minh"]
[Result "1-0"]
[WhiteElo "2257"]
[BlackElo "2350"]
[PlyCount "61"]
[EventDate "2013.12.07"]

1. c4 Nf6 2. Nc3 g6 3. e4 d6 4. d4 Bg7 5. f4 O-O 6. Nf3 c5 7. d5 e6 8. Be2 exd5
9. cxd5 Na6 10. O-O Nc7 11. a4 Rb8 12. e5 dxe5 13. d6 Ne6 14. fxe5 Ng4 15. Qd5
b6 16. Qe4 f5 17. exf6 Nxf6 18. Qh4 Qxd6 19. Bc4 Nh5 20. Bg5 Rb7 21. Rfd1 Qb8
22. Be7 Rf4 23. Rd8+ Kf7 24. Bxe6+ Bxe6 25. Rxb8 Rxb8 26. Qe1 Rxf3 27. gxf3
Kxe7 28. a5 Bd4+ 29. Kh1 b5 30. Ne4 Nf4 31. Qh4+ 1-0

[Event "First Saturday IM Dec 2013"]
[Site "Budapest"]
[Date "2013.12.10"]
[Round "4.1"]
[White "Lyell, Mark"]
[Black "To, Nhat Minh"]
[Result "1-0"]
[WhiteElo "2247"]
[BlackElo "2350"]
[PlyCount "55"]
[EventDate "2013.12.07"]

1. e4 c6 2. d4 d5 3. exd5 cxd5 4. c4 Nf6 5. Nc3 Nc6 6. Bg5 dxc4 7. Bxc4 h6 8.
Bh4 Qxd4 9. Qxd4 Nxd4 10. O-O-O e5 11. f4 Bg4 12. Nf3 Bxf3 13. gxf3 Rc8 14. Bf1
Nd5 15. fxe5 Nxc3 16. bxc3 Ba3+ 17. Kb1 g5 18. cxd4 gxh4 19. Bb5+ Ke7 20. Rd3
Bb4 21. f4 Rhg8 22. d5 Rg2 23. d6+ Kd8 24. Rb3 a5 25. Bf1 Rd2 26. Bh3 Rb8 27.
Rxb4 axb4 28. Rg1 1-0

[Event "First Saturday IM Dec 2013"]
[Site "Budapest"]
[Date "2013.12.10"]
[Round "4.2"]
[White "Petran, Pal"]
[Black "Brustkern, Juergen"]
[Result "1/2-1/2"]
[WhiteElo "2335"]
[BlackElo "2257"]
[PlyCount "71"]
[EventDate "2013.12.07"]

1. Nf3 d5 2. d4 e6 3. c4 c6 4. g3 dxc4 5. Bg2 c5 6. O-O Nc6 7. Na3 cxd4 8. Nxc4
Bc5 9. a3 a6 10. b4 Ba7 11. Bb2 Nge7 12. Qb3 O-O 13. Rfd1 Nf5 14. e3 Rb8 15.
exd4 Nfxd4 16. Nxd4 Nxd4 17. Qd3 Nc6 18. Qxd8 Nxd8 19. Be5 Ra8 20. Bc7 Nc6 21.
Nb6 Bxb6 22. Bxb6 e5 23. Bxc6 bxc6 24. Rd6 Be6 25. Rxc6 Rfc8 26. Bc7 Bd7 27.
Rc5 f6 28. f3 Ra7 29. Rac1 Kf7 30. Kf2 Rb7 31. Ke3 Rb5 32. Bd6 Rcxc5 33. Bxc5
Rb7 34. Rd1 Bb5 35. f4 Rd7 36. Rxd7+ 1/2-1/2

[Event "First Saturday IM Dec 2013"]
[Site "Budapest"]
[Date "2013.12.10"]
[Round "4.3"]
[White "Nguyen, Thi Mai Hung"]
[Black "Szeberenyi, Adam"]
[Result "1/2-1/2"]
[WhiteElo "2231"]
[BlackElo "2317"]
[PlyCount "68"]
[EventDate "2013.12.07"]

1. d4 Nf6 2. Nf3 e6 3. e3 c5 4. Bd3 b6 5. O-O Bb7 6. Nbd2 cxd4 7. exd4 Be7 8.
c3 O-O 9. Qe2 d6 10. Re1 Nbd7 11. Nf1 Re8 12. Ng3 a6 13. Bg5 Ra7 14. Rad1 Qa8
15. Bb1 Bf8 16. Qd3 g6 17. h4 e5 18. dxe5 dxe5 19. Qe2 Bc6 20. h5 Nd5 21. hxg6
hxg6 22. c4 N5f6 23. a3 Nh7 24. Bc1 Ba4 25. Bc2 Bxc2 26. Qxc2 Rc7 27. Qb3 Qc8
28. Be3 Re6 29. Qa2 Be7 30. b3 b5 31. Rc1 bxc4 32. Rxc4 Rxc4 33. bxc4 Rc6 34.
Rc1 Qc7 1/2-1/2

[Event "First Saturday IM Dec 2013"]
[Site "Budapest"]
[Date "2013.12.10"]
[Round "4.5"]
[White "Farkas, Richard"]
[Black "Fang, Yuxiang"]
[Result "1-0"]
[WhiteElo "2189"]
[BlackElo "2189"]
[PlyCount "77"]
[EventDate "2013.12.07"]

1. e4 Nf6 2. e5 Nd5 3. c4 Nb6 4. d4 d6 5. f4 dxe5 6. fxe5 Nc6 7. Be3 Bf5 8. Nc3
e6 9. Nf3 Be7 10. Be2 O-O 11. O-O f6 12. exf6 Bxf6 13. Qd2 Qe7 14. Rad1 Rad8
15. Qe1 Kh8 16. b3 Bg4 17. Ne5 Bxe5 18. Rxf8+ Qxf8 19. dxe5 Rxd1 20. Qxd1 Bxe2
21. Qxe2 Qf5 22. Qf2 Qxf2+ 23. Kxf2 Nxe5 24. Nb5 Ng4+ 25. Ke2 Nxe3 26. Kxe3 Kg8
27. Nxa7 Nd7 28. Nb5 c6 29. Nd6 b6 30. Nb7 Nb8 31. Nd8 Kf8 32. Nxe6+ Ke7 33.
Nd4 c5 34. Nb5 Ke6 35. Ke4 Nd7 36. Nc7+ Ke7 37. Kd5 Nb8 38. Na8 Na6 39. a3 1-0

[Event "First Saturday IM Dec 2013"]
[Site "Budapest"]
[Date "2013.12.11"]
[Round "5.2"]
[White "Golubov, Saveliy"]
[Black "Farkas, Richard"]
[Result "1-0"]
[WhiteElo "2305"]
[BlackElo "2189"]
[PlyCount "117"]
[EventDate "2013.12.07"]

1. e4 e6 2. d4 d5 3. Nc3 Bb4 4. e5 c5 5. a3 Bxc3+ 6. bxc3 Ne7 7. Nf3 Bd7 8. h4
Ba4 9. h5 h6 10. Bd3 c4 11. Be2 Qa5 12. Bd2 Nd7 13. O-O Nb6 14. Re1 O-O-O 15.
Bf1 Bd7 16. g3 Na4 17. Bh3 Kb8 18. Nh4 Nc6 19. Qc1 a6 20. Kh2 Na7 21. f4 Nb5
22. Re3 Qb6 23. Qe1 Rde8 24. Qf2 Nxa3 25. Rxa3 Qb2 26. Rxa4 Bxa4 27. f5 Bxc2
28. f6 gxf6 29. exf6 Ka8 30. Be1 Qc1 31. Nf3 Rd8 32. Ne5 Rh7 33. Re2 Bd1 34.
Bd2 Qb2 35. Re1 Bb3 36. Re2 Bd1 37. Re1 Bb3 38. Rc1 a5 39. Be3 Qxf2+ 40. Bxf2
a4 41. Ra1 Kb8 42. Be3 Kc8 43. Nxf7 Rxf7 44. Bxe6+ Rdd7 45. Rf1 a3 46. Bxh6 a2
47. Bxf7 Rxf7 48. Bg7 Bc2 49. Ra1 Bb1 50. h6 Rd7 51. Rxa2 Bg6 52. g4 Kc7 53.
Bf8 Rf7 54. Be7 Rh7 55. g5 Kd7 56. Kg3 Rh8 57. Rb2 Kc6 58. Rf2 Rh7 59. Kf4 1-0

[Event "First Saturday IM Dec 2013"]
[Site "Budapest"]
[Date "2013.12.11"]
[Round "5.3"]
[White "Szeberenyi, Adam"]
[Black "Li, Bo"]
[Result "1/2-1/2"]
[WhiteElo "2317"]
[BlackElo "2373"]
[PlyCount "82"]
[EventDate "2013.12.07"]

1. d4 Nf6 2. c4 g6 3. Nc3 Bg7 4. Nf3 O-O 5. Bg5 h6 6. Bf4 d6 7. e3 c6 8. Be2
Nbd7 9. O-O b6 10. Qc2 Bb7 11. Rfd1 Qc7 12. b4 Rfe8 13. Rab1 g5 14. Bg3 Nh5 15.
Nd2 Nxg3 16. hxg3 c5 17. bxc5 dxc5 18. d5 a6 19. g4 e6 20. Nde4 Rab8 21. dxe6
Rxe6 22. Nd5 Qe5 23. Ng3 Bxd5 24. cxd5 Rd6 25. Nf5 b5 26. Nxd6 Qxd6 27. Bd3 c4
28. Bh7+ Kf8 29. Bf5 Nc5 30. Rf1 Qxd5 31. f4 gxf4 32. Rxf4 Nd3 33. Rd1 Nxf4 34.
Rxd5 Nxd5 35. Qd1 Ne7 36. Qd6 Re8 37. Bd7 Rd8 38. Qc7 Ra8 39. Qb7 Rd8 40. Qc7
Ra8 41. Qb7 Rd8 1/2-1/2

[Event "First Saturday IM Dec 2013"]
[Site "Budapest"]
[Date "2013.12.11"]
[Round "5.4"]
[White "Brustkern, Juergen"]
[Black "Nguyen, Thi Mai Hung"]
[Result "1/2-1/2"]
[WhiteElo "2257"]
[BlackElo "2231"]
[PlyCount "39"]
[EventDate "2013.12.07"]

1. c4 e6 2. e4 d5 3. exd5 exd5 4. d4 Nf6 5. Nc3 Be7 6. Nf3 O-O 7. h3 Nc6 8. Be2
dxc4 9. Bxc4 a6 10. a3 Bf5 11. O-O h6 12. Bf4 Bd6 13. Ne5 Bxe5 14. dxe5 Nd7 15.
Re1 Nb6 16. Ba2 Qxd1 17. Raxd1 Be6 18. Bb1 Rad8 19. Be4 Bb3 20. Rxd8 1/2-1/2

[Event "First Saturday IM Dec 2013"]
[Site "Budapest"]
[Date "2013.12.11"]
[Round "5.5"]
[White "To, Nhat Minh"]
[Black "Petran, Pal"]
[Result "1-0"]
[WhiteElo "2350"]
[BlackElo "2335"]
[PlyCount "63"]
[EventDate "2013.12.07"]

1. d4 Nf6 2. c4 e6 3. g3 d5 4. Nf3 Bb4+ 5. Bd2 Be7 6. Bg2 c6 7. O-O dxc4 8. a4
a5 9. Na3 Na6 10. Ne5 O-O 11. Naxc4 Nb4 12. e3 Nfd5 13. Qb3 f6 14. Nf3 b5 15.
Na3 Bd7 16. e4 Nb6 17. axb5 cxb5 18. Rad1 a4 19. Qe3 Nc4 20. Qe2 Rc8 21. Be1
Qb6 22. Bh3 Rfd8 23. Nxc4 bxc4 24. Bc3 Nd3 25. Ne1 Bb5 26. d5 exd5 27. exd5 Rc7
28. Qe6+ Qxe6 29. Bxe6+ Kf8 30. Ba5 Bd6 31. Nxd3 cxd3 32. Bf5 1-0

[Event "First Saturday IM Dec 2013"]
[Site "Budapest"]
[Date "2013.12.13"]
[Round "6.1"]
[White "Lyell, Mark"]
[Black "Petran, Pal"]
[Result "1-0"]
[WhiteElo "2247"]
[BlackElo "2335"]
[PlyCount "97"]
[EventDate "2013.12.07"]

1. e4 e5 2. Nf3 Nc6 3. Bc4 Nf6 4. Ng5 d5 5. exd5 Na5 6. Bb5+ Bd7 7. Qe2 Be7 8.
Bxd7+ Qxd7 9. b4 Bxb4 10. Qxe5+ Qe7 11. Qxe7+ Bxe7 12. Nc3 Rd8 13. O-O O-O 14.
d3 Nxd5 15. Nxd5 Rxd5 16. Nf3 Bf6 17. Rb1 b6 18. Re1 c5 19. Bb2 Bxb2 20. Rxb2
Nc6 21. Kf1 Rc8 22. Re4 f6 23. Ke1 Kf7 24. Kd2 Ne7 25. Rb5 Rd7 26. a4 Nc6 27.
Rb1 Na5 28. Kc3 Nb7 29. Rbe1 Nd6 30. Rf4 Kg8 31. Nd2 Kf8 32. Nc4 Re8 33. Rxe8+
Kxe8 34. Nxd6+ Rxd6 35. Kc4 Kd7 36. Kb5 Kc7 37. Re4 Rd7 38. a5 bxa5 39. Kxc5
Kb7 40. Kb5 Rd5+ 41. Ka4 g5 42. Re7+ Kc6 43. Re6+ Kc5 44. Rxf6 Re5 45. c3 Re2
46. Rf5+ Kb6 47. Rb5+ Kc6 48. Rxa5 h6 49. Kb3 1-0

[Event "First Saturday IM Dec 2013"]
[Site "Budapest"]
[Date "2013.12.13"]
[Round "6.2"]
[White "Nguyen, Thi Mai Hung"]
[Black "To, Nhat Minh"]
[Result "1/2-1/2"]
[WhiteElo "2231"]
[BlackElo "2350"]
[PlyCount "120"]
[EventDate "2013.12.07"]

1. d4 Nf6 2. Nf3 e6 3. e3 b6 4. Bd3 Bb7 5. O-O d5 6. b3 Bd6 7. Bb2 O-O 8. Nbd2
c5 9. Ne5 Nc6 10. a3 Qc7 11. f4 cxd4 12. exd4 Ne7 13. Qe2 Ng6 14. Rf3 Qe7 15.
Nxg6 hxg6 16. a4 Rfc8 17. Raf1 Bb4 18. Rh3 Bc3 19. Bxc3 Rxc3 20. Qe1 Qb4 21.
Kh1 Qxd4 22. Nf3 Qc5 23. Bxg6 Ne4 24. Qh4 Kf8 25. Bxe4 dxe4 26. Ne5 Rxh3 27.
Qxh3 Kg8 28. c4 Rd8 29. Qh5 Qe7 30. Re1 Rd2 31. Re3 Rf2 32. g3 Rd2 33. Kg1 f6
34. Ng4 Qc5 35. Qe8+ Kh7 36. Qf7 Qf5 37. Qxb7 Qxg4 38. Qxe4+ f5 39. Qxe6 Qd1+
40. Re1 Qc2 41. Qc6 Qxb3 42. Qb7 Qxc4 43. Qf3 Qd4+ 44. Kh1 Qd5 45. Qxd5 Rxd5
46. Rb1 Kg6 47. Rb5 Rd1+ 48. Kg2 Rd2+ 49. Kf3 Ra2 50. Rb4 Rxh2 51. a5 bxa5 52.
Ra4 Rb2 53. Rxa5 Rb3+ 54. Kg2 Rb7 55. Kh3 Rf7 56. Kh4 Kh6 57. Ra6+ g6 58. g4
fxg4 59. Kxg4 Kg7 60. Kg5 Rf5+ 1/2-1/2

[Event "First Saturday IM Dec 2013"]
[Site "Budapest"]
[Date "2013.12.13"]
[Round "6.3"]
[White "Li, Bo"]
[Black "Brustkern, Juergen"]
[Result "1-0"]
[WhiteElo "2373"]
[BlackElo "2257"]
[PlyCount "63"]
[EventDate "2013.12.07"]

1. d4 d5 2. c4 e5 3. dxe5 d4 4. Nf3 Nc6 5. g3 Nge7 6. Bg2 Ng6 7. O-O Ngxe5 8.
Nxe5 Nxe5 9. b3 Be7 10. Bb2 Bf6 11. Nd2 c5 12. Ne4 Be7 13. e3 Nc6 14. Qh5 O-O
15. Nxc5 dxe3 16. fxe3 Qd2 17. Na4 Qxe3+ 18. Kh1 Be6 19. Rae1 Qd2 20. Re2 Qd7
21. Nc5 Bxc5 22. Qxc5 h6 23. Qe3 Rfd8 24. Ref2 Qd3 25. Qe1 Rd7 26. Be4 Qd6 27.
Qc3 Qf8 28. Bb1 Nd4 29. Qd3 Nf5 30. Qe4 g6 31. Qe5 Kh7 32. Rxf5 1-0

[Event "First Saturday IM Dec 2013"]
[Site "Budapest"]
[Date "2013.12.13"]
[Round "6.4"]
[White "Farkas, Richard"]
[Black "Szeberenyi, Adam"]
[Result "1/2-1/2"]
[WhiteElo "2189"]
[BlackElo "2317"]
[PlyCount "49"]
[EventDate "2013.12.07"]

1. e4 c5 2. Nf3 d6 3. d4 cxd4 4. Qxd4 a6 5. Be3 Nc6 6. Qb6 Qxb6 7. Bxb6 Nf6 8.
Nc3 Bg4 9. Be2 Rc8 10. O-O-O g6 11. h3 Bxf3 12. Bxf3 Bh6+ 13. Kb1 Nd7 14. Nd5
Nxb6 15. Nxb6 Rd8 16. Be2 e6 17. g3 Bg7 18. c3 g5 19. h4 h6 20. Rd2 Ke7 21. Kc2
Bf6 22. hxg5 hxg5 23. Rdd1 Rxh1 24. Rxh1 Rh8 25. Rxh8 1/2-1/2

[Event "First Saturday IM Dec 2013"]
[Site "Budapest"]
[Date "2013.12.14"]
[Round "7.1"]
[White "Golubov, Saveliy"]
[Black "Lyell, Mark"]
[Result "1-0"]
[WhiteElo "2305"]
[BlackElo "2247"]
[PlyCount "47"]
[EventDate "2013.12.07"]

1. e4 e5 2. Nf3 Nc6 3. Bc4 Nf6 4. d3 Be7 5. O-O O-O 6. Re1 d6 7. a4 Kh8 8. Nbd2
Ng8 9. Nf1 f5 10. exf5 Bxf5 11. Ne3 Bg6 12. Nd2 Nf6 13. Nd5 Bh5 14. f3 Nxd5 15.
Bxd5 Nb4 16. Bb3 d5 17. Rxe5 Bc5+ 18. Kh1 Qh4 19. Nf1 Nc6 20. Rxd5 Rxf3 21. Ng3
Raf8 22. Rxh5 Rf1+ 23. Nxf1 Qxh5 24. Be3 1-0

[Event "First Saturday IM Dec 2013"]
[Site "Budapest"]
[Date "2013.12.14"]
[Round "7.2"]
[White "Szeberenyi, Adam"]
[Black "Fang, Yuxiang"]
[Result "0-1"]
[WhiteElo "2317"]
[BlackElo "2189"]
[PlyCount "57"]
[EventDate "2013.12.07"]

1. d4 d5 2. c4 c6 3. Nc3 Nf6 4. e3 a6 5. Qc2 g6 6. Nf3 Bg7 7. Bd3 O-O 8. O-O b5
9. b3 Nbd7 10. Bb2 Bb7 11. Rad1 Re8 12. h3 Rc8 13. c5 Qc7 14. Ne2 Ra8 15. g4 a5
16. Ng3 Nf8 17. Rfe1 N6d7 18. e4 dxe4 19. Nxe4 Ne6 20. Bf1 Nf4 21. Bc1 Nd5 22.
Bg5 N7f6 23. Bh4 Nxe4 24. Rxe4 Bc8 25. Bg3 Qb7 26. Ne5 Nf6 27. Ree1 Be6 28. Bg2
Bd5 29. f4 0-1

[Event "First Saturday IM Dec 2013"]
[Site "Budapest"]
[Date "2013.12.14"]
[Round "7.3"]
[White "Brustkern, Juergen"]
[Black "Farkas, Richard"]
[Result "1-0"]
[WhiteElo "2257"]
[BlackElo "2189"]
[PlyCount "103"]
[EventDate "2013.12.07"]

1. c4 Nf6 2. Nc3 g6 3. e4 d6 4. d4 Bg7 5. f4 O-O 6. Nf3 c5 7. d5 Bg4 8. h3 Bxf3
9. Qxf3 Nfd7 10. Bd3 Na6 11. O-O Nb4 12. Bb1 Qb6 13. a3 Na6 14. Bc2 Nc7 15. Rb1
a6 16. Kh1 Rab8 17. Bd2 Qa7 18. Qg4 Rfd8 19. Rbe1 b5 20. cxb5 axb5 21. Nd1 b4
22. axb4 cxb4 23. Bb3 Nb5 24. Be3 Qc7 25. e5 dxe5 26. f5 Nf6 27. Qh4 Nxd5 28.
fxg6 hxg6 29. Rxf7 Kxf7 30. Qh7 e6 31. Bxd5 Rxd5 32. Rf1+ Ke7 33. Qxg7+ Kd6 34.
Qxg6 Qc4 35. Re1 Nd4 36. Nf2 Rf8 37. Ne4+ Kc6 38. Kh2 Kb5 39. Rc1 Qe2 40. Bxd4
Rxd4 41. Rc5+ Ka4 42. Rxe5 Rxe4 43. Rxe4 Qxb2 44. Qxe6 Qc3 45. Qa6+ Kb3 46. Re2
Qc7+ 47. g3 Qc1 48. Qe6+ Ka4 49. Ra2+ Kb5 50. Qd5+ Kb6 51. Qd6+ Kb5 52. Qxf8
1-0

[Event "First Saturday IM Dec 2013"]
[Site "Budapest"]
[Date "2013.12.14"]
[Round "7.4"]
[White "To, Nhat Minh"]
[Black "Li, Bo"]
[Result "0-1"]
[WhiteElo "2350"]
[BlackElo "2373"]
[PlyCount "114"]
[EventDate "2013.12.07"]

1. d4 Nf6 2. c4 c5 3. d5 b5 4. cxb5 a6 5. bxa6 Bxa6 6. Nc3 d6 7. Nf3 g6 8. e4
Bxf1 9. Kxf1 Bg7 10. g3 Nbd7 11. Kg2 O-O 12. a4 Ra6 13. Qc2 Qa8 14. h3 e6 15.
dxe6 fxe6 16. Re1 d5 17. Bg5 c4 18. Bxf6 Bxf6 19. exd5 exd5 20. Nxd5 Qxd5 21.
Rad1 Qc6 22. Rxd7 Bxb2 23. Re3 Rxa4 24. Rde7 Rb4 25. R7e6 Qd5 26. Re8 Bg7 27.
Rxf8+ Bxf8 28. Re5 Qb7 29. h4 Qc6 30. h5 Bg7 31. Re4 gxh5 32. Qe2 h6 33. Re6
Qd5 34. Re8+ Kh7 35. Re7 Rb3 36. Rc7 Rd3 37. Rxg7+ Kxg7 38. Qe7+ Kg6 39. Qe8+
Kg7 40. Qe7+ Kg6 41. Qe8+ Kf6 42. Qf8+ Ke6 43. Qxh6+ Kd7 44. Qg7+ Kc6 45. Qf6+
Kb5 46. Qb2+ Rb3 47. Qe2 Kb6 48. Kh2 Rxf3 49. Qb2+ Kc5 50. Qa2 Kb4 51. Qb1+ Rb3
52. Qg6 Ka3 53. Qa6+ Kb2 54. Qf6+ c3 55. Qg7 Kb1 56. Qh7+ c2 57. Qg6 Qd4 0-1